|
|
|
|
| LEADER |
00000nab a2200000 a 4500 |
| 001 |
vtls000244222 |
| 003 |
SK-MaSNL |
| 005 |
20260303201457.0 |
| 008 |
111130c1986 xo 0 slo |
| 015 |
|
|
|a SNBRB19rr/mm-uuuuu
|
| 035 |
|
|
|a CL0254336
|
| 040 |
|
|
|a SNKBUCL
|b slo
|c SNKBUCL
|e AACR2
|
| 041 |
0 |
|
|a slo
|
| 044 |
|
|
|a xo
|c SK
|
| 080 |
|
|
|a 830 (436)-2
|2 1981
|
| 080 |
|
|
|a 82
|2 1981
|
| 080 |
|
|
|a 929
|2 1981
|
| 080 |
|
|
|a 830 (436)
|2 1981
|
| 100 |
1 |
|
|a Kraus, Karl
|4 aut
|9 733607
|
| 245 |
1 |
0 |
|a Z posledných dní ľudstva
|c Karl Kraus ; Ján Štrasser, Peter Zajac
|
| 500 |
|
|
|a Informácia o autorovi. V rubrike Dovezený humor.
|
| 650 |
0 |
7 |
|a divadelné hry
|2 snkbucl
|9 79680
|
| 655 |
|
7 |
|a články z novín a časopisov
|2 snkbucl
|9 267496
|
| 655 |
|
7 |
|a články z odboru literárna veda a krásna literatúra
|2 snkbucl
|9 770045
|
| 700 |
1 |
|
|a Štrasser, Ján,
|d 1946-
|4 trl
|9 93512
|
| 700 |
1 |
|
|a Zajac, Peter,
|d 1946-
|4 trl
|9 103277
|
| 773 |
0 |
|
|t Roháč
|g Roč. 39, č. 15 (1986), s. 10
|
| 850 |
|
|
|a Slovenská národná knižnica v Martine
|a MTA001
|
| 852 |
|
|
|a SNK
|b KIS3GCP
|
| 958 |
|
|
|a RK
|
| 958 |
|
|
|a LX
|
| 992 |
|
|
|a RBX
|
| 999 |
|
|
|c 2174350
|d 2176280
|